000 00896nam a22002537a 4500
001 1046
005 20230719104243.0
008 230719b cb ||||| |||| 00| 0 eng d
020 _a9780749737306
040 _beng
_cFISKH
_dFISKH
082 _a823.914
100 _aBertagna, Julie
245 _aDolphin Boy /
_cAuthor : Julie Bertagna
250 _aFirst published in Great Britain in 1999.
260 _aLondon :
_bMammoth,
_c1999.
300 _a87 pages :
_billustrations,
_c20
490 _aMammoth Read
505 _aN
520 _aA boy who won't speak meets a lost dolphin. Trapped in loneliness, a bond of friendship grows between them that leads the way to happiness and freedom for both the boy and the dolphin.
521 _a560
_bLexile estimate
521 _aN
_bRaz-Plus
650 _acommunication disorders
_vdolphin
_xanimals
942 _2ddc
_cBK
_n0
999 _c1046
_d1046